000 00367nam a2200157Ia 4500
003 LK-CoDNM
008 010623t xxu||||| |||| 00| 1 eng d
040 _aLK-CoDNM
_dLK-CoDNM
_eLK-CoDNM
041 _aeng
080 _a75
_bTIS V
100 _aTisne,Pierre.
245 _aVan Gogh
300 _b52p,160pl,77-162text p., 24 cm
650 _aEnglish Art
942 _cBK
999 _c136782
_d136782